[Event "Oslo Sveins op 10th"]
[Site "Oslo"]
[Date "2017.06.24"]
[Round "3"]
[White "Hestvik, Elias"]
[Black "Amarapala, Sheroni"]
[Result "1/2-1/2"]
[WhiteElo "1192"]
[BlackElo "1471"]
[PlyCount "74"]
[EventDate "2017.06.23"]
[EventType "swiss"]
[EventRounds "9"]
[EventCountry "NOR"]
[SourceTitle "CBM 179 Extra"]
[Source "ChessBase"]
[SourceDate "2017.08.23"]
[SourceVersion "1"]
[SourceVersionDate "2017.08.23"]
[SourceQuality "1"]

1. e4 e5 2. Nf3 Nc6 3. d4 exd4 4. Bc4 h6 5. Nxd4 Bc5 6. Be3 Bb6 7. Nc3 d6 8. 0-0 Nf6 9. Re1 0-0 10. h3 Re8 11. Bb5 Bd7 12. Nxc6 Bxc6 13. Bxc6 bxc6 14. Qf3 d5 15. Bxb6 cxb6 16. exd5 Rxe1+ 17. Rxe1 Nxd5 18. Nxd5 Qxd5 19. Qxd5 cxd5 20. Kf1 Rd8 21. Rd1 b5 22. Rd4 f6 23. b3 Kf7 24. c4 bxc4 25. bxc4 Ke6 26. Ke2 Rd6 27. cxd5+ Rxd5 28. Rxd5 Kxd5 29. Kd3 Kc5 30. Kc3 Kb5 31. Kb3 Ka5 32. f4 g5 33. fxg5 fxg5 34. g3 Kb5 35. g4 a6 36. a3 a5 37. a4+ Kc5 1/2-1/2

[Event "NOR-ch U14"]
[Site "Tromsoe"]
[Date "2016.07.15"]
[Round "8"]
[White "Langvik, Ulrikke"]
[Black "Amarapala, Sheroni"]
[Result "1-0"]
[WhiteElo "1340"]
[BlackElo "1113"]
[PlyCount "105"]
[EventDate "2016.07.09"]
[EventType "swiss"]
[EventRounds "9"]
[EventCountry "NOR"]
[SourceTitle "EXT 2024"]
[Source "ChessBase"]
[SourceDate "2023.10.10"]
[SourceVersion "1"]
[SourceVersionDate "2023.10.10"]
[SourceQuality "1"]

1. d4 d5 2. c4 c6 3. Nc3 Nf6 4. e3 Bf5 5. cxd5 cxd5 6. Qb3 Qb6 7. Nxd5 Qxb3 8. Nxf6+ gxf6 9. axb3 e6 10. Bd2 Bd6 11. f3 Nc6 12. Bb5 Ke7 13. Ne2 Nb4 14. Bxb4 Bxb4+ 15. Nc3 a6 16. Bc4 b5 17. Be2 Bc2 18. Bd1 Bxd1 19. Kxd1 Rhd8 20. Kc2 e5 21. dxe5 fxe5 22. Rhd1 Rd6 23. Rxd6 Bxd6 24. Nxb5 Rc8+ 25. Nc3 Rc6 26. Kd3 f5 27. e4 Ke6 28. Ra4 f4 29. g3 Rb6 30. gxf4 exf4 31. Kc2 Rc6 32. Rc4 Bc5 33. b4 Kd6 34. bxc5+ Rxc5 35. Rxc5 Kxc5 36. Ne2 Kc4 37. b3+ Kc5 38. Kc3 a5 39. Nxf4 Kd6 40. Kc4 Ke5 41. Nd3+ Kd6 42. Kb5 Kc7 43. f4 Kd7 44. Kxa5 Ke6 45. b4 Kd6 46. f5 Kd7 47. b5 Kc7 48. Ka6 Kc8 49. f6 Kd8 50. b6 Ke8 51. b7 Kf7 52. e5 Ke6 53. b8Q 1-0

[Event "NOR-ch U14 Girls"]
[Site "Oslo"]
[Date "2016.02.12"]
[Round "1"]
[White "Amarapala, Sheroni"]
[Black "Langvik, Ulrikke"]
[Result "0-1"]
[WhiteElo "1079"]
[BlackElo "1361"]
[PlyCount "64"]
[EventDate "2016.02.12"]
[EventType "swiss"]
[EventRounds "6"]
[EventCountry "NOR"]
[SourceTitle "EXT 2024"]
[Source "ChessBase"]
[SourceDate "2023.10.10"]
[SourceVersion "1"]
[SourceVersionDate "2023.10.10"]
[SourceQuality "1"]

1. e4 e6 2. d4 d5 3. exd5 exd5 4. Nc3 c6 5. Nf3 Bd6 6. Be2 Ne7 7. 0-0 0-0 8. h3 Bf5 9. Re1 Nd7 10. Bd3 Nb6 11. a3 Qd7 12. Bxf5 Nxf5 13. Ne5 Bxe5 14. Rxe5 Rae8 15. Rxe8 Rxe8 16. Bf4 Nc4 17. Rb1 a6 18. Ne2 Qe6 19. Ng3 Nxg3 20. Bxg3 Qe2 21. Qc1 Re4 22. c3 Nd2 23. Ra1 Nb3 24. Qb1 Nxa1 25. Qxa1 Qd2 26. Qa2 Re1+ 27. Kh2 Qd1 28. Be5 Rh1+ 29. Kg3 Qd3+ 30. Kf4 Rg1 31. Qb3 Qe4+ 32. Kg3 Rxg2# 0-1

[Event "NOR-ch U12"]
[Site "Oslo"]
[Date "2015.07.07"]
[Round "5"]
[White "Skaslien, Ingrid"]
[Black "Amarapala, Sheroni"]
[Result "1/2-1/2"]
[WhiteElo "1179"]
[BlackElo "900"]
[PlyCount "87"]
[EventDate "2015.07.04"]
[EventType "swiss"]
[EventRounds "9"]
[EventCountry "NOR"]
[SourceTitle "EXT 2017"]
[Source "ChessBase"]
[SourceDate "2016.10.25"]
[SourceVersion "1"]
[SourceVersionDate "2016.10.25"]
[SourceQuality "1"]

1. d4 d5 2. c4 c6 3. Nc3 Nf6 4. Nf3 dxc4 5. a4 Bf5 6. Ne5 e6 7. Bg5 Be7 8. Nxc4 Nbd7 9. e3 0-0 10. Bd3 c5 11. Bxf5 exf5 12. 0-0 Ne4 13. Bxe7 Qxe7 14. Qd3 Nxc3 15. bxc3 Qe4 16. Qxe4 fxe4 17. Nd6 cxd4 18. cxd4 f5 19. Nxb7 Rab8 20. Nd6 Rf6 21. Nb5 a5 22. Rfc1 Nb6 23. Rc7 Nxa4 24. g3 Rxb5 25. Rxa4 Ra6 26. Kg2 h5 27. Ra2 a4 28. Kh3 Kh7 29. Kh4 Kh6 30. Rcc2 g5+ 31. Kh3 a3 32. Rd2 Rd5 33. Kg2 Kg6 34. f3 Kf6 35. h4 g4 36. fxe4 fxe4 37. Rf2+ Ke6 38. Rf4 Rb5 39. Rff2 Ke7 40. Rfc2 Kd6 41. Kf2 Kd5 42. Ke2 Kd6 43. Kd1 Rb1+ 44. Rc1 1/2-1/2

[Event "NOR-ch U12"]
[Site "Oslo"]
[Date "2015.07.06"]
[Round "4"]
[White "Amarapala, Sheroni"]
[Black "Gaure, Sigurd Lauvas"]
[Result "1/2-1/2"]
[WhiteElo "900"]
[BlackElo "998"]
[PlyCount "116"]
[EventDate "2015.07.04"]
[EventType "swiss"]
[EventRounds "9"]
[EventCountry "NOR"]
[SourceTitle "EXT 2017"]
[Source "ChessBase"]
[SourceDate "2016.10.25"]
[SourceVersion "1"]
[SourceVersionDate "2016.10.25"]
[SourceQuality "1"]

1. e4 c5 2. Nf3 d6 3. d4 cxd4 4. Nxd4 Nf6 5. Nc3 g6 6. Bb5+ Bd7 7. Bxd7+ Qxd7 8. Bg5 h6 9. Bxf6 exf6 10. Nd5 Bg7 11. Nb5 Na6 12. Qe2 0-0 13. 0-0-0 Nc5 14. Nd4 Ne6 15. Nxe6 fxe6 16. Ne3 Qa4 17. Qc4 Qxc4 18. Nxc4 d5 19. exd5 exd5 20. Rxd5 h5 21. f4 Bh6 22. g3 g5 23. Rf1 h4 24. gxh4 gxf4 25. Kb1 Rfd8 26. Rf5 Rd4 27. Na5 Rad8 28. a3 Rd1+ 29. Rxd1 Rxd1+ 30. Ka2 Rd2 31. Rxf6 Bg7 32. Rxf4 Rxc2 33. Rb4 b6 34. Nc4 Rxh2 35. Ne3 Bf6 36. Rg4+ Kh7 37. Rg2 Rxg2 38. Nxg2 Bd4 39. b4 a5 40. bxa5 bxa5 41. Kb3 Kh6 42. Kc4 Bb2 43. a4 Kh5 44. Kb5 Bc3 45. Kc4 Bb4 46. Kb5 Kg4 47. Ne3+ Kxh4 48. Nd5 Be1 49. Ne7 Kg5 50. Nc6 Kf6 51. Nxa5 Ke7 52. Nc6+ Kd7 53. Kb6 Bf2+ 54. Kb5 Be1 55. Nb4 Bxb4 56. Kxb4 Kc7 57. Kb5 Kb7 58. a5 Ka7 1/2-1/2

[Event "Oslo Sveins op 8th"]
[Site "Oslo"]
[Date "2015.06.22"]
[Round "6"]
[White "Amarapala, Sheroni"]
[Black "Sjoberg, Isak"]
[Result "0-1"]
[WhiteElo "1148"]
[BlackElo "1881"]
[PlyCount "96"]
[EventDate "2015.06.19"]
[EventType "swiss"]
[EventRounds "9"]
[EventCountry "NOR"]
[SourceTitle "CBM 167 Extra"]
[Source "ChessBase"]
[SourceDate "2015.09.14"]
[SourceVersion "1"]
[SourceVersionDate "2015.09.14"]
[SourceQuality "1"]

1. e4 e5 2. Nf3 Nc6 3. Bb5 a6 4. Ba4 Nf6 5. 0-0 Be7 6. Re1 b5 7. Bb3 0-0 8. c3 d5 9. exd5 Nxd5 10. d4 exd4 11. cxd4 Bb7 12. Nc3 Nxc3 13. bxc3 Na5 14. Bc2 Bf6 15. Qd3 g6 16. Bh6 Bg7 17. Qe3 Nc4 18. Qf4 Bxh6 19. Qxh6 Bxf3 20. gxf3 Qf6 21. Be4 Rad8 22. Kh1 Nd6 23. Rf1 Nxe4 24. fxe4 Qf3+ 25. Kg1 Qg4+ 26. Kh1 Qxe4+ 27. f3 Qd3 28. Rac1 Rd6 29. Qh4 Rc6 30. Qe1 Re6 31. Qg3 Rc6 32. Qe1 Qc4 33. Rf2 b4 34. Rfc2 Qd3 35. f4 Qf3+ 36. Kg1 Qxf4 37. cxb4 Qxd4+ 38. Kh1 Rxc2 39. Rxc2 Qd5+ 40. Kg1 Qd7 41. Qe2 Re8 42. Qc4 Qf5 43. Qxc7 Re1+ 44. Kg2 Qf1+ 45. Kg3 Re3+ 46. Kh4 Qh3+ 47. Kg5 Qf5+ 48. Kh4 Rh3# 0-1